<?xml version="1.0" encoding="UTF-8"?>
<collection xmlns="http://www.loc.gov/MARC21/slim">
  <record>
    <leader>00000nam  2200000   4500</leader>
    <controlfield tag="001">INLIS000000000020495</controlfield>
    <controlfield tag="005">20250704102902</controlfield>
    <datafield tag="035" ind1="#" ind2="#">
      <subfield code="a">0010-0725000025</subfield>
    </datafield>
    <controlfield tag="007">ta</controlfield>
    <controlfield tag="008">250704################|##########|#|##</controlfield>
    <datafield tag="084" ind1="#" ind2="#">
      <subfield code="a">R 158 PKN II 2023</subfield>
    </datafield>
    <datafield tag="100" ind1=" " ind2="#">
      <subfield code="a">Sri Prastiwi Utami</subfield>
    </datafield>
    <datafield tag="245" ind1="1" ind2="#">
      <subfield code="a">Strategi Peningkatan Kinerja Asdep Ikesda Melalui Kualitas Pelaporan Policy Brief Kepada Wakil Presiden (Studi Kasus Penyusunan Kebijakan Replikasi Pengelolaan Sampah Berbasis Masyarakat) /</subfield>
      <subfield code="c">Sri Prastiwi Utami</subfield>
    </datafield>
    <datafield tag="260" ind1="#" ind2="#">
      <subfield code="a">Jakarta :</subfield>
      <subfield code="b">Pusbangkom Pimnas dan Manajerial ASN,</subfield>
      <subfield code="c">2023</subfield>
    </datafield>
    <datafield tag="300" ind1="#" ind2="#">
      <subfield code="a">110 hlm. ;</subfield>
      <subfield code="c">30 cm</subfield>
    </datafield>
    <datafield tag="650" ind1="#" ind2="4">
      <subfield code="a">Pelaporan Policy Brief</subfield>
    </datafield>
    <datafield tag="520" ind1="#" ind2="#">
      <subfield code="a">Permasalahan prioritas yang dihadapi Asdep IKESDA dan perlu ditangani segera adalah peningkatan kinerja dalam hal peningkatan kualitas hasil analisis kebijakan.  Indikasinya, tingkat koreksi hasil analisis masih cukup tinggi, 20-40% dan hasil analisis kebijakan yang disampaikan kepada Wakil Presiden belum seluruhnya ditindaklanjuti Kasetwapres/Wapres. Untuk mengatasi permasalahan , ditentukan rumusan strategi bahwa kualitas hasil analisis kebijakan lebih optimal melalui penguasaan Analisis kebijakan dalam penyusunan pelaporan policy brief yang berkualitas kepada Wapres.</subfield>
    </datafield>
    <datafield tag="990" ind1="#" ind2="#">
      <subfield code="a">2407158</subfield>
    </datafield>
  </record>
</collection>
